| Tag |
First Indicator |
Second Indicator |
Subfields |
| LEADER |
00000cam a2200000 4500 |
| 001 |
in00000047753 |
| 005 |
20190207093424.0 |
| 008 |
751201s1946 txuaf 001 0 eng |
| 010 |
|
|
|a 46004555
|
| 035 |
|
|
|a (OCoLC)01864651
|
| 035 |
|
|
|9 AAF3334AM
|
| 040 |
|
|
|a DLC
|c TNH
|d TXA
|d UtOrBLW
|
| 049 |
|
|
|a TXAM
|c 1 [138393]
|c 2 [138394]
|
| 050 |
0 |
0 |
|a TX715
|b .C7884 1946
|
| 082 |
0 |
|
|a 641.59763
|
| 090 |
|
|
|a TX715
|b .C7845 1946
|
| 092 |
|
|
|a 641.5
|b C778c
|
| 100 |
1 |
|
|a Cooper, Virginia M.
|
| 245 |
1 |
4 |
|a The Creole kitchen cook book /
|c by Virginia M. Cooper.
|
| 264 |
|
1 |
|a San Antonio, Tex. :
|b The Naylor Company,
|c [1946]
|
| 264 |
|
4 |
|c ©1946
|
| 300 |
|
|
|a xii, 248 pages :
|b illustrations, plates. ;
|c 21 cm.
|
| 336 |
|
|
|a text
|b txt
|2 rdacontent
|
| 337 |
|
|
|a unmediated
|b n
|2 rdamedia
|
| 338 |
|
|
|a volume
|b nc
|2 rdacarrier
|
| 500 |
|
|
|a The Cushing Library/Chapman Texas Collection copy is part of the Floyd & Louise Chapman Texas & Borderlands Collection.
|5 TXA
|
| 500 |
|
|
|a Includes index.
|
| 500 |
|
|
|a "The Texas Cookbook Collection."
|
| 536 |
|
|
|a Cushing Library Texas copy was donated 1999 by Ona Stribling Beams, Dallas, Texas, in memory of George William Beams, Class of 1929.
|
| 650 |
|
0 |
|a Cooking, American.
|
| 650 |
|
0 |
|a Cooking
|z Louisiana.
|
| 999 |
|
|
|a MARS
|
| 999 |
f |
f |
|s fe042f3d-063d-3744-9fea-1ca36ff91822
|i f5c876d1-7555-3c82-9bb5-6ae1d154b592
|t 0
|
| 952 |
f |
f |
|p ric
|a Texas A&M University
|b Rellis Campus
|c Joint Library Facility
|d Remote Storage
|t 0
|e TX715 .C7845 1946
|h Library of Congress classification
|i unmediated -- volume
|m A14801101416
|
| 952 |
f |
f |
|p noncirc
|a Texas A&M University
|b College Station
|c Cushing Memorial Library & Archives
|d Cushing: Chapman Texas Collection (Does not check out)
|t 0
|e TX715 .C7845 1946
|h Library of Congress classification
|i unmediated -- volume
|
| 952 |
f |
f |
|p noncirc
|a Texas A&M University
|b College Station
|c Cushing Memorial Library & Archives
|d Cushing: Kelsey Americana (Does not check out)
|t 0
|e TX715 .C7845 1946
|h Library of Congress classification
|i unmediated -- volume
|
| 998 |
f |
f |
|a TX715 .C7845 1946
|t 0
|l Remote Storage
|
| 998 |
f |
f |
|a TX715 .C7845 1946
|t 0
|l Cushing: Kelsey Americana (Does not check out)
|
| 998 |
f |
f |
|a TX715 .C7845 1946
|t 0
|l Cushing: Chapman Texas Collection (Does not check out)
|